000 00689nam a2200289Ia 4500
005 20260324150552.0
008 008 260324s9999 xx 000 0 eng d
020 _a9781315297538
037 _aEBOOK
040 _aCRL
040 _beng
040 _cCRL
041 _2eng
041 _aeng
084 _qCRL
100 _aArthur Seldon
_91226872
245 0 _aAgenda for a Free Society
245 0 _bEssays on Hayek's The Constitution of Liberty
260 _bTaylor and Francis
260 _c1961
365 _a
365 _b195
856 _uhttp://www.taylorfrancis.com/books/9781315297538
942 _cEBOOK
999 _c1836535
_d1836535